Statistics for 'Consider Yourself' Lyrics

Click here to take the quiz!

General Stats

  • This quiz has been taken 14 times
  • The average score is 35 of 48

Answer Stats

HintAnswer% Correct
One of the ______family
100%
Consider yourself one of the ______.family
100%
Consider yourself at ____.home
100%
At _____?home
100%
Consider yourself our ______.mate
100%
Our ____.mate
100%
___ of us!one
100%
___ of us!One
100%
Whatever we got we _____share
100%
Who cares?.What ever we've got we _____!share
100%
Consider _______...yourself
100%
Consider _______...yourself
100%
Consider ________yourself
100%
Consider ______yourself
100%
Consider ______...yourself
100%
Consider ______...yourself
100%
______ to get alongGoing
92%
There's a cup o' ___ for all.tea
92%
It's _____... we're...clear
83%
_______ yourselfConsider
83%
Part of the ______furniture
83%
Consider yourself part of the _______.furniture
83%
It's clear we're going to _____ _____.get along
83%
Then the drinks are on the ______!house
83%
So ______strong
83%
We've taken to you so _____.strong
83%
_____ in!Well
83%
We don't want to have no _____,fuss
75%
We don't want to have no ____fuss
75%
We've _____ to youTaken
75%
For after some consideration we can ____state
67%
_____ cares?who
67%
To foot the ____bill
58%
For after some _________, we can state...consideration
58%
There isn't a lot to _____.spare
58%
There isn't a lot to ______spare
58%
Empty ______ dayslarder
50%
Some ______ daysharder
42%
Nobody tries to be lah-di-dah or _______--uppity
42%
Consider yourself ____ __well in
42%
Why ______?grouse
33%
When the _______ comes to call!landlord
33%
We should ___see
33%
______ a chance we'll meetAlways
25%
If it should ______ to bechance
25%
Only it's wise to be handy with a _____ ___rolling pin
25%
_________Somebody
25%
___!yes
8%

Score Distribution

Percentile by Number Answered

Percent of People with Each Score

Your Score History

You have not taken this quiz